[Event "EU-chT Seniors 02nd"]
[Site "Dresden"]
[Date "2000.03.01"]
[Round "1.3"]
[White "Kozlowski, Piotr"]
[Black "Remplbauer, Hans"]
[Result "1/2-1/2"]
[WhiteElo "2000"]
[BlackElo "1774"]
[EventDate "2000.03.01"]
[PlyCount "32"]

1.Nf3 d6 2.d4 g6 3.c4 Bg7 4.Nc3 Nf6 5.e4 O-O 6.Be2 Bg4 7.h3 Bxf3 8.Bxf3 e5
9.d5 a5 10.O-O Nbd7 11.Be3 Kh8 12.a3 b6 13.Qc2 Ng8 14.Be2 Bh6 15.Bxh6 Nxh6
16.Qd2 Kg7 1/2-1/2

[Event "EU-chT Seniors 02nd"]
[Site "Dresden"]
[Date "2000.03.02"]
[Round "2.3"]
[White "Krueger, Erich"]
[Black "Kahn, Manfred"]
[Result "1-0"]
[WhiteElo "2262"]
[BlackElo "2208"]
[EventDate "2000.03.01"]
[PlyCount "67"]

1.d4 e6 2.c4 d5 3.Nc3 Bb4 4.a3 Bxc3+ 5.bxc3 c5 6.Nf3 Nc6 7.e3 Nf6 8.Be2 
O-O 9.O-O dxc4 10.Bxc4 Bd7 11.Bd3 Qa5 12.Bd2 Qc7 13.e4 c4 14.Bc2 e5 15.d5 
Na5 16.Bg5 Qd6 17.a4 Rfe8 18.Bc1 Qa6 19.Nd2 Rac8 20.Ba3 Nb3 21.Nxb3 cxb3 
22.Bd3 Qb6 23.a5 Qxa5 24.Bb4 Qb6 25.Qxb3 a6 26.Qc2 Bb5 27.Rfb1 Bxd3 28.
Qxd3 Nd7 29.h3 Rb8 30.Qf3 Rec8 31.Qf5 Qc7 32.c4 f6 33.Qe6+ Kh8 34.Bd6 1-0

[Event "EU-chT Seniors 02nd"]
[Site "Dresden"]
[Date "2000.03.07"]
[Round "6.2"]
[White "Krueger, Erich"]
[Black "Kowalski, Michal"]
[Result "1-0"]
[WhiteElo "2262"]
[BlackElo "2152"]
[EventDate "2000.03.01"]
[PlyCount "71"]

1.d4 Nf6 2.c4 c5 3.d5 e6 4.Nc3 exd5 5.cxd5 g6 6.Nf3 d6 7.Nd2 Bg7 8.e4 O-O 
9.Be2 Re8 10.O-O Na6 11.f3 Nc7 12.a4 b6 13.Nc4 Ba6 14.Bg5 Qd7 15.Qd2 Bxc4 
16.Bxc4 Rab8 17.Nb5 a6 18.Nxc7 Qxc7 19.Bxa6 Nd7 20.Bb5 f6 21.Bh4 Re7 22.
Rae1 Ne5 23.f4 Nf7 24.b3 h6 25.Re2 Rf8 26.Bf2 Qc8 27.b4 f5 28.bxc5 bxc5 
29.e5 dxe5 30.d6 Ra7 31.fxe5 Bxe5 32.Rxe5 Nxe5 33.Qd5+ Nf7 34.Bc4 Ra8 35.
d7 Qc7 36.Re1 1-0

[Event "EU-chT Seniors 02nd"]
[Site "Dresden"]
[Date "2000.03.08"]
[Round "7.3"]
[White "Krueger, Erich"]
[Black "Remplbauer, Hans"]
[Result "1-0"]
[WhiteElo "2262"]
[BlackElo "1774"]
[EventDate "2000.03.01"]
[PlyCount "63"]

1.d4 d6 2.c4 g6 3.Nc3 Bg7 4.e4 Nf6 5.Be2 O-O 6.Bg5 c6 7.Qd2 Nbd7 8.Nf3 e5 
9.O-O Qc7 10.Rad1 Re8 11.d5 c5 12.a3 a6 13.b4 Rb8 14.Rb1 h5 15.Ne1 Nh7 16.
Be3 b6 17.Nd3 Rf8 18.bxc5 Nxc5 19.Nxc5 bxc5 20.Rxb8 Qxb8 21.Rb1 Qc7 22.Qb2
Nf6 23.Qb6 Qd7 24.f3 Ne8 25.Bd1 f5 26.Ba4 Qe7 27.Qc6 f4 28.Bf2 Nf6 29.Rb6 
Rd8 30.Rb8 Qf8 31.Qc7 g5 32.Bc6 1-0

[Event "EU-chT Seniors 02nd"]
[Site "Dresden"]
[Date "2000.03.03"]
[Round "3.3"]
[White "Krueger, Erich"]
[Black "Winiwarter, Felix"]
[Result "0-1"]
[WhiteElo "2262"]
[BlackElo "2235"]
[EventDate "2000.03.01"]
[PlyCount "116"]

1.d4 Nf6 2.c4 g6 3.Nc3 Bg7 4.e4 d6 5.Be2 O-O 6.Bg5 c5 7.dxc5 Qa5 8.Bd2 
Qxc5 9.Nf3 Bg4 10.Be3 Qa5 11.O-O Nc6 12.a3 Rfc8 13.b4 Qd8 14.Qb3 Qf8 15.h3
Bxf3 16.Bxf3 Nd7 17.Rad1 Bf6 18.Nd5 Bg7 19.Bg4 e6 20.Nc3 Rd8 21.f4 Bh6 22.
Ne2 Qe7 23.Kh1 Rdc8 24.Bg1 Bg7 25.Rd2 Nf6 26.Bf3 Ne8 27.Rfd1 Qh4 28.Kh2 
Bf8 29.g3 Qe7 30.Nd4 Nxd4 31.Bxd4 Qc7 32.Be2 b6 33.Bb2 Bg7 34.Bxg7 Kxg7 
35.Qb2+ Kg8 36.Rd4 Rcb8 37.Qd2 Rc8 38.e5 dxe5 39.Rd7 Qc6 40.fxe5 Rc7 41.
Rxc7 Qxc7 42.Qd4 Rc8 43.Rd2 Qe7 44.Qd7 Qg5 45.Kg2 Kg7 46.Qd4 Qe7 47.h4 Rc7
48.Qd8 Kf8 49.Kf1 Qxd8 50.Rxd8 Ke7 51.Rd2 Ng7 52.g4 h5 53.gxh5 Nxh5 54.Rd4
Ng7 55.Bd3 Rc8 56.Kf2 Rh8 57.Kg3 Rh5 58.Re4 Nf5+ 0-1

[Event "EU-chT Seniors 02nd"]
[Site "Dresden"]
[Date "2000.03.01"]
[Round "1.1"]
[White "Landgraf, Siegfried"]
[Black "Baumgartner, Heinz"]
[Result "0-1"]
[WhiteElo "2172"]
[BlackElo "2323"]
[EventDate "2000.03.01"]
[PlyCount "73"]

1.d4 d5 2.Nf3 Nf6 3.g3 c5 4.Bg2 cxd4 5.O-O e6 6.Nxd4 Be7 7.c4 O-O 8.cxd5 
Nxd5 9.e4 Nb4 10.Nc3 N8c6 11.Nxc6 Nxc6 12.Be3 Bf6 13.Rc1 Qa5 14.Qe2 Bxc3 
15.Rxc3 e5 16.Ra3 Qb4 17.Rc1 Rd8 18.Rb3 Nd4 19.Bxd4 Qxd4 20.a3 b6 21.Rbc3 
Be6 22.h3 g6 23.Kh2 b5 24.b4 Bc4 25.Qe3 a5 26.bxa5 Rxa5 27.Bf1 Qxe3 28.
Rxe3 Rd4 29.Kg2 Kf8 30.Kf3 Ke7 31.Bxc4 Rxc4 32.Rxc4 bxc4 33.Rc3 Ra4 34.Ke3
Kd6 35.f4 f6 36.fxe5+ fxe5 37.g4 0-1

[Event "EU-chT Seniors 02nd"]
[Site "Dresden"]
[Date "2000.03.04"]
[Round "4.1"]
[White "Landgraf, Siegfried"]
[Black "Bednarski, Jacek B"]
[Result "0-1"]
[WhiteElo "2170"]
[BlackElo "2250"]
[EventDate "2000.03.01"]
[PlyCount "100"]

1.Nf3 d5 2.g3 Bg4 3.Bg2 Nd7 4.d4 e6 5.O-O c6 6.Nbd2 Ngf6 7.c4 a5 8.cxd5 
cxd5 9.Ne5 Nxe5 10.dxe5 Nd7 11.h3 Bh5 12.f4 Bb4 13.Nf3 Qb6+ 14.Kh2 O-O 15.
g4 Bg6 16.Nh4 Rfd8 17.Nxg6 hxg6 18.Qd3 Rac8 19.a3 Be7 20.Rb1 a4 21.b4 axb3
22.Qxb3 Qa5 23.Qd1 Qa6 24.Qd3 Rc4 25.Be3 g5 26.fxg5 Nxe5 27.Qb3 Rd7 28.Bf4
Ng6 29.Bg3 Bxg5 30.Bf3 Bf4 31.Bxf4 Nxf4 32.e3 Ng6 33.Be2 Qd6+ 34.Kh1 Rcc7 
35.Qb4 Qe5 36.Qd4 Qg5 37.a4 Nh4 38.Qf4 Qd8 39.a5 g5 40.Qd4 Qe7 41.a6 bxa6 
42.Bxa6 e5 43.Rb8+ Kg7 44.Qb2 d4 45.Qe2 Rc3 46.exd4 Rxh3+ 47.Kg1 e4 48.d5 
Qc5+ 49.Rf2 Nf3+ 50.Kg2 Rh2+ 0-1

[Event "EU-chT Seniors 02nd"]
[Site "Dresden"]
[Date "2000.03.02"]
[Round "2.4"]
[White "Langenfeld, Heinz"]
[Black "Kalmutzki, Manfred"]
[Result "1-0"]
[WhiteElo "1913"]
[BlackElo "1800"]
[EventDate "2000.03.01"]
[PlyCount "99"]

1.e4 c5 2.Nf3 e6 3.b3 d6 4.Bb2 Nf6 5.Nc3 Be7 6.Bb5+ Nbd7 7.e5 dxe5 8.Nxe5 
O-O 9.Qe2 Nxe5 10.Qxe5 a6 11.Be2 Bd6 12.Qg5 h6 13.Qh4 Nd5 14.Qxd8 Rxd8 15.
Nxd5 exd5 16.O-O Bf4 17.Rfd1 Bf5 18.g3 Bc7 19.d4 cxd4 20.Bxd4 Ba5 21.Bd3 
Bg4 22.Rdb1 Bf3 23.b4 Bc7 24.Re1 Re8 25.a4 Bd6 26.c3 Re7 27.Rxe7 Bxe7 28.
Re1 Bd6 29.Re3 Bd1 30.a5 Ba4 31.Kf1 Re8 32.Ke2 f6 33.Bg6 Rxe3+ 34.Kxe3 Kf8
35.Bc5 Bxc5+ 36.bxc5 Ke7 37.Kd4 Bc6 38.Bf5 Kf7 39.Bh3 g6 40.f4 f5 41.Bg2 
Ke6 42.h4 Kf6 43.Bxd5 Bxd5 44.Kxd5 g5 45.c6 bxc6+ 46.Kxc6 gxf4 47.gxf4 Ke6
48.c4 h5 49.c5 Ke7 50.Kb7 1-0

[Event "EU-chT Seniors 02nd"]
[Site "Dresden"]
[Date "2000.03.05"]
[Round "5.3"]
[White "Langenfeld, Heinz"]
[Black "Klein, Klaus"]
[Result "0-1"]
[WhiteElo "1913"]
[BlackElo "1995"]
[EventDate "2000.03.01"]
[PlyCount "114"]

1.e4 c5 2.b3 d6 3.Bb5+ Bd7 4.Bxd7+ Qxd7 5.Nc3 Nf6 6.Nge2 g6 7.Bb2 e5 8.O-O
Bg7 9.d3 O-O 10.f4 Nc6 11.h3 Nd4 12.Ng3 exf4 13.Rxf4 Ne8 14.Nge2 Nc7 15.
Nxd4 Bxd4+ 16.Kh1 f5 17.exf5 Be5 18.Rf1 Rxf5 19.Qe2 Raf8 20.Na4 b5 21.Nxc5
dxc5 22.Rxf5 Bxb2 23.Rxf8+ Kxf8 24.Rf1+ Kg7 25.Qf2 Ne6 26.h4 Bd4 27.Qf3 
Qe7 28.g3 Nd8 29.Kh2 Nf7 30.Kg2 h5 31.Qd1 Ne5 32.Rf4 Ng4 33.Qf3 Ne3+ 34.
Kh2 Ng4+ 35.Kg2 Nf6 36.Qd1 Qb7+ 37.Kh2 Ng4+ 38.Rxg4 hxg4 39.Qxg4 Qf7 40.
Qe4 Qf2+ 41.Kh3 Qf5+ 42.g4 Qf1+ 43.Qg2 Qxg2+ 44.Kxg2 Kf6 45.Kf3 Ke5 46.h5 
gxh5 47.gxh5 Kf5 48.h6 b4 49.h7 a6 50.Kg3 Bh8 51.Kf3 Ke5 52.Ke3 Bg7 53.Kd2
Kd4 54.c3+ bxc3+ 55.Kc2 a5 56.a3 Bh8 57.b4 cxb4 0-1

[Event "EU-chT Seniors 02nd"]
[Site "Dresden"]
[Date "2000.03.03"]
[Round "3.4"]
[White "Langenfeld, Heinz"]
[Black "Wieckowski, Ryszard"]
[Result "0-1"]
[WhiteElo "1913"]
[BlackElo "2000"]
[EventDate "2000.03.01"]
[PlyCount "101"]

1.e4 c5 2.Nc3 d6 3.b3 Nf6 4.Bb2 e5 5.Bb5+ Nc6 6.Nge2 Be7 7.a4 O-O 8.d3 Bg4
9.f3 Bd7 10.O-O a6 11.Bc4 Na5 12.Qe1 Nxc4 13.bxc4 Rb8 14.f4 Ng4 15.Rf3 
exf4 16.Nxf4 Ne5 17.Rf1 Bh4 18.g3 Bg5 19.Ncd5 Bg4 20.Qc3 Be6 21.Rf2 Bh6 
22.Raf1 Qd7 23.a5 f6 24.Nxe6 Qxe6 25.Rf5 Rf7 26.Qe1 Rbf8 27.Bxe5 dxe5 28.
Qf2 Qd6 29.Rb1 Qc6 30.Qe1 Qa4 31.Rf2 Qd7 32.Rb6 Qh3 33.Qb1 Bg5 34.Rxb7 
Rxb7 35.Qxb7 h5 36.Ne7+ Kh7 37.Nf5 Rg8 38.Qf7 Qg4 39.Kg2 Bc1 40.h3 Qg5 41.
g4 Bf4 42.Kf3 Rb8 43.Rg2 Qg6 44.Qc7 Rb1 45.Qxc5 Bh6 46.Nxh6 Qxh6 47.Qe3 
Rf1+ 48.Rf2 hxg4+ 49.hxg4 Qh3+ 50.Ke2 Re1+ 51.Kxe1 0-1

[Event "EU-chT Seniors 02nd"]
[Site "Dresden"]
[Date "2000.03.04"]
[Round "4.4"]
[White "Lenk, Wolfgang"]
[Black "Niedermayr, Horst"]
[Result "1/2-1/2"]
[WhiteElo "2185"]
[BlackElo "2208"]
[EventDate "2000.03.01"]
[PlyCount "54"]

1.e4 c5 2.Nf3 Nc6 3.d4 cxd4 4.Nxd4 g6 5.Nc3 Bg7 6.Be3 Nf6 7.Qd2 O-O 8.f3 
d5 9.Nxc6 bxc6 10.Rd1 Be6 11.exd5 Nxd5 12.Nxd5 Qxd5 13.Qxd5 cxd5 14.b3 
Rfc8 15.Bd3 a5 16.a4 Bd7 17.O-O e5 18.Rfe1 Be6 19.Re2 f5 20.Bb5 Bf7 21.Bb6
Rc3 22.Rd3 e4 23.Rxc3 Bxc3 24.fxe4 fxe4 25.Re3 Bd2 26.Re2 Bc3 27.Re3 Bd2 
1/2-1/2

[Event "EU-chT Seniors 02nd"]
[Site "Dresden"]
[Date "2000.03.05"]
[Round "5.4"]
[White "Mann, Dieter"]
[Black "Abendroth, Guenter"]
[Result "1/2-1/2"]
[WhiteElo "1852"]
[BlackElo "2225"]
[EventDate "2000.03.01"]
[PlyCount "51"]

1.e4 c5 2.c3 d5 3.exd5 Qxd5 4.Nf3 Nf6 5.d4 e6 6.Bb5+ Bd7 7.Bxd7+ Nbxd7 8.
O-O Be7 9.Bg5 O-O 10.dxc5 Nxc5 11.Qxd5 Nxd5 12.Bxe7 Nxe7 13.Nbd2 Rfd8 14.
Rfd1 Na4 15.Rab1 f6 16.Nf1 Kf7 17.Ne3 b5 18.Rxd8 Rxd8 19.Rd1 Rxd1+ 20.Nxd1
e5 21.Nd2 Ke6 22.c4 bxc4 23.Nxc4 Kd5 24.b3 Nc5 25.Nc3+ Kc6 26.Na5+ 1/2-1/2

[Event "EU-chT Seniors 02nd"]
[Site "Dresden"]
[Date "2000.03.08"]
[Round "7.4"]
[White "Mann, Dieter"]
[Black "Lenk, Wolfgang"]
[Result "0-1"]
[WhiteElo "1852"]
[BlackElo "2185"]
[EventDate "2000.03.01"]
[PlyCount "86"]

1.e4 d6 2.d4 Nf6 3.Nc3 g6 4.e5 dxe5 5.dxe5 Qxd1+ 6.Nxd1 Ng4 7.f4 h5 8.h3 
Nh6 9.Ne3 Nf5 10.Nxf5 Bxf5 11.Bd3 Bxd3 12.cxd3 Nc6 13.a3 Rd8 14.Kd2 Bh6 
15.Kc3 O-O 16.Be3 Nxe5 17.d4 Nc6 18.Nf3 Rd5 19.Rad1 Rfd8 20.Rd2 e6 21.g4 
Bg7 22.Rhd1 Rc5+ 23.Kb3 Na5+ 24.Ka2 Rcd5 25.Ne5 Bxe5 26.dxe5 Rxd2 27.Rxd2 
Rxd2 28.Bxd2 Nc4 29.Bc1 hxg4 30.hxg4 a6 31.g5 Kf8 32.Kb3 Nb6 33.Kb4 Ke8 
34.Kc5 Kd7 35.b4 Na4+ 36.Kc4 Kc6 37.Kb3 b5 38.Kc2 Kd5 39.Kd3 Nb6 40.Be3 
Nc4 41.Bc1 c6 42.Kc3 Ke4 43.a4 Nb6 0-1

[Event "EU-chT Seniors 02nd"]
[Site "Dresden"]
[Date "2000.03.02"]
[Round "2.4"]
[White "Mann, Dieter"]
[Black "Neudel, Bernd"]
[Result "1/2-1/2"]
[WhiteElo "1852"]
[BlackElo "1786"]
[EventDate "2000.03.01"]
[PlyCount "24"]

1.e4 c5 2.c3 d5 3.exd5 Qxd5 4.Nf3 Nc6 5.Be2 Nf6 6.O-O Bg4 7.d4 cxd4 8.Nxd4
Bxe2 9.Nxe2 Qxd1 10.Rxd1 e6 11.Bg5 Be7 12.Nd2 Rd8 1/2-1/2

[Event "EU-chT Seniors 02nd"]
[Site "Dresden"]
[Date "2000.03.08"]
[Round "7.3"]
[White "Morgner, Siegfried"]
[Black "Kozlowski, Piotr"]
[Result "1/2-1/2"]
[WhiteElo "1738"]
[BlackElo "2000"]
[EventDate "2000.03.01"]
[PlyCount "94"]

1.Nf3 Nf6 2.d4 g6 3.c4 Bg7 4.Nc3 d5 5.e3 O-O 6.Be2 c5 7.cxd5 Nxd5 8.Nxd5 
Qxd5 9.Qa4 cxd4 10.exd4 Nc6 11.Be3 Rd8 12.Bc4 Qa5+ 13.Qxa5 Nxa5 14.Be2 Nc6
15.Rd1 Be6 16.a3 Bd5 17.b4 Rac8 18.O-O b6 19.Rd2 Bxf3 20.Bxf3 Nxd4 21.Bb7 
Rc3 22.Ra2 Rd7 23.Be4 e5 24.Bd2 Rcc7 25.h3 f5 26.Bb1 h6 27.Re1 Kh7 28.f4 
e4 29.Kf2 Nb5 30.a4 Nc3 31.Bxc3 Bxc3 32.Ree2 Bxb4 33.g4 Rd1 34.Rab2 Rcc1 
35.Rxb4 Rxb1 36.Rxb1 Rxb1 37.Rc2 a5 38.Rc7+ Kg8 39.Rc8+ Kf7 40.Rc7+ Kf8 
41.Rc8+ Kf7 42.Rc7+ Ke6 43.Rc6+ Kd5 44.Rxg6 fxg4 45.hxg4 Kd4 46.Rd6+ Kc5 
47.Rxh6 Kd4 1/2-1/2

[Event "EU-chT Seniors 02nd"]
[Site "Dresden"]
[Date "2000.03.05"]
[Round "5.3"]
[White "Morgner, Siegfried"]
[Black "Winiwarter, Felix"]
[Result "0-1"]
[WhiteElo "1738"]
[BlackElo "2235"]
[EventDate "2000.03.01"]
[PlyCount "72"]

1.d4 f5 2.c4 Nf6 3.Nc3 g6 4.Nf3 Bg7 5.g3 O-O 6.Qc2 d6 7.Bg2 Nc6 8.a3 e5 9.
dxe5 dxe5 10.Bg5 e4 11.Rd1 Qe8 12.Nd4 Nxd4 13.Rxd4 c6 14.Rd2 Ng4 15.Rd8 
Qe6 16.Rxf8+ Bxf8 17.h3 Ne5 18.O-O Qxc4 19.Rd1 Be6 20.Bf6 Nf7 21.b3 Qxb3 
22.Qxb3 Bxb3 23.Rb1 Be6 24.Rxb7 Nd6 25.Rb1 Bc4 26.Bf1 Kf7 27.Be5 Ke6 28.
Bxd6 Bxd6 29.a4 Rb8 30.Rxb8 Bxb8 31.e3 Bb3 32.Be2 Be5 33.Bd1 Bxd1 34.Nxd1 
c5 35.Kf1 c4 36.Ke2 c3 0-1

[Event "EU-chT Seniors 02nd"]
[Site "Dresden"]
[Date "2000.03.07"]
[Round "6.2"]
[White "Mueller, Siegmar"]
[Black "Duemmke, Juergen"]
[Result "1/2-1/2"]
[WhiteElo "1765"]
[BlackElo "2035"]
[EventDate "2000.03.01"]
[PlyCount "128"]

1.Nc3 Nf6 2.Nf3 Nc6 3.e4 e5 4.Bb5 Nd4 5.Nxd4 exd4 6.e5 dxc3 7.exf6 Qxf6 8.
dxc3 Qe5+ 9.Qe2 Qxe2+ 10.Bxe2 Bc5 11.Bf4 d6 12.a4 a5 13.O-O O-O 14.Rab1 
Bd7 15.b4 axb4 16.cxb4 Bd4 17.Bf3 Rxa4 18.Rfd1 Bc3 19.Bd2 Bxd2 20.Rxd2 Re8
21.h3 Bc6 22.Bg4 Rea8 23.b5 Ra1 24.Rdd1 Rxb1 25.Rxb1 Be4 26.Rb2 Ra1+ 27.
Kh2 f5 28.Be2 b6 29.Bc4+ Kf8 30.f3 Bb7 31.Ba2 Bc8 32.Bd5 Bd7 33.Rb3 Ra5 
34.Rc3 Rxb5 35.Rxc7 Rxd5 36.Rxd7 b5 37.Kg3 Rd4 38.c3 f4+ 39.Kg4 Rd3 40.
Kxf4 Rxc3 41.Rxd6 Ke7 42.Rb6 Rc5 43.g4 g5+ 44.Kg3 Kd7 45.Rh6 b4 46.Rxh7+ 
Kc6 47.Re7 b3 48.Re1 Rc3 49.h4 gxh4+ 50.Kxh4 Rxf3 51.g5 Rf4+ 52.Kh5 b2 53.
g6 Rf2 54.Rg1 Rh2+ 55.Kg5 Rg2+ 56.Rxg2 b1=Q 57.g7 Qe4 58.Rg4 Qe6 59.Kh5 
Qf5+ 60.Rg5 Qh7+ 61.Kg4 Qg8 62.Kh5 Qh7+ 63.Kg4 Qg8 64.Kh5 Qh7+ 1/2-1/2

[Event "EU-chT Seniors 02nd"]
[Site "Dresden"]
[Date "2000.03.02"]
[Round "2.2"]
[White "Mueller, Siegmar"]
[Black "Eis, Helko"]
[Result "0-1"]
[WhiteElo "1765"]
[BlackElo "2101"]
[EventDate "2000.03.01"]
[PlyCount "136"]

1.Nc3 d6 2.d4 Nf6 3.e4 c6 4.Bg5 h6 5.Bxf6 exf6 6.Nf3 f5 7.Bd3 fxe4 8.Nxe4 
Be7 9.O-O Nd7 10.Re1 O-O 11.Qe2 Nf6 12.Nxf6+ Bxf6 13.Qe4 g6 14.Qf4 Bg7 15.
Re2 Qf6 16.Qg3 h5 17.h3 Bh6 18.Rae1 Bf4 19.Qh4 Qxh4 20.Nxh4 Bg5 21.Nf3 Bf6
22.c3 Kg7 23.Nd2 d5 24.Nf3 g5 25.Ne5 Be6 26.Re3 Rac8 27.b4 Rc7 28.Rg3 Ra8 
29.f4 h4 30.Rf3 gxf4 31.Rxf4 Bg5 32.Rf2 a5 33.Bb1 axb4 34.cxb4 Ra3 35.Nd3 
Rc8 36.Nf4 Re8 37.Nd3 Bd7 38.Rxe8 Bxe8 39.Re2 Bd7 40.Nc5 Be3+ 41.Kf1 Bc8 
42.Nb3 Bf4 43.Re8 Be6 44.Nc5 Rc3 45.Nxe6+ fxe6 46.Rxe6 Kf7 47.Re1 Rc4 48.
b5 Rxd4 49.bxc6 bxc6 50.Ke2 Ke7 51.Kf3+ Kd6 52.Bc2 Bg3 53.Rd1 Rf4+ 54.Ke3 
c5 55.Rd2 c4 56.a4 Kc5 57.a5 d4+ 58.Ke2 Rf6 59.Be4 c3 60.Rd1 Rf2+ 61.Kd3 
Bf4 62.Bf3 c2 63.a6 cxd1=Q+ 64.Bxd1 Rd2+ 65.Ke4 Rxd1 66.Kxf4 Ra1 67.g4 
hxg3 68.Kxg3 d3 0-1

[Event "EU-chT Seniors 02nd"]
[Site "Dresden"]
[Date "2000.03.04"]
[Round "4.2"]
[White "Mueller, Siegmar"]
[Black "Titz, Herbert"]
[Result "1-0"]
[WhiteElo "1765"]
[BlackElo "1995"]
[EventDate "2000.03.01"]
[PlyCount "145"]

1.Nc3 d5 2.e4 dxe4 3.Nxe4 g6 4.Bc4 Nd7 5.d3 Bg7 6.Qe2 Ngf6 7.Bxf7+ Kf8 8.
Ng5 Nc5 9.Bc4 e6 10.Be3 Na4 11.Bxe6 Qe7 12.Bb3 Bd7 13.N1f3 Nxb2 14.c3 Na4 
15.Qc2 Nc5 16.O-O h6 17.Bxc5 Qxc5 18.Nf7 Nd5 19.Bxd5 Qxd5 20.Nxh8 Bxh8 21.
Rfe1 Qc6 22.Ne5 Bxe5 23.Rxe5 Bf5 24.Re3 Rd8 25.Rd1 Rd6 26.c4 Rd4 27.Qc3 
Qd6 28.a3 c5 29.f3 h5 30.Qc2 Qd7 31.Qe2 Qf7 32.Re1 Bd7 33.Re7 Qf5 34.Qe3 
g5 35.Re5 Qf6 36.Rxc5 Qd6 37.Rd5 Rxd5 38.cxd5 Qxd5 39.Qe7+ Kg8 40.Qd8+ Kf7
41.Re7+ Kg6 42.Qxd7 Qc5+ 43.Re3 Qxe3+ 44.Kf1 Qc1+ 45.Ke2 Qb2+ 46.Ke3 Qe5+ 
47.Kf2 Qc5+ 48.d4 Qc2+ 49.Kg3 h4+ 50.Kh3 Qf5+ 51.Qxf5+ Kxf5 52.g3 hxg3 53.
Kxg3 b5 54.Kf2 a5 55.Ke3 b4 56.axb4 axb4 57.Kd3 Kf4 58.Kc4 Kxf3 59.d5 Kg2 
60.d6 Kxh2 61.d7 g4 62.d8=Q g3 63.Qh4+ Kg2 64.Kxb4 Kf3 65.Qf6+ Kg2 66.Kc4 
Kg1 67.Qd4+ Kf1 68.Qf4+ Kg2 69.Kd3 Kh3 70.Qh6+ Kg2 71.Ke2 Kg1 72.Kf3 g2 
73.Qg5 1-0

[Event "EU-chT Seniors 02nd"]
[Site "Dresden"]
[Date "2000.03.05"]
[Round "5.3"]
[White "Neese, Hans Joachim"]
[Black "Appelt, Gerd"]
[Result "1-0"]
[WhiteElo "2165"]
[BlackElo "2016"]
[EventDate "2000.03.01"]
[PlyCount "43"]

1.d4 Nf6 2.c4 c5 3.d5 Ne4 4.Qc2 Qa5+ 5.Nc3 Nxc3 6.Bd2 d6 7.Bxc3 Qc7 8.e4 
f6 9.f4 g6 10.Bd3 Nd7 11.Nf3 Bh6 12.g3 Nf8 13.h3 Bd7 14.Kf2 Bg7 15.Rae1 e5
16.Kg2 Rd8 17.fxe5 fxe5 18.Bd2 Bc8 19.Ref1 b6 20.Ng5 Rd7 21.Qa4 Kd8 22.
Rxf8+ 1-0

[Event "EU-chT Seniors 02nd"]
[Site "Dresden"]
[Date "2000.03.01"]
[Round "1.4"]
[White "Neese, Hans Joachim"]
[Black "Langenfeld, Heinz"]
[Result "1-0"]
[WhiteElo "2165"]
[BlackElo "1913"]
[EventDate "2000.03.01"]
[PlyCount "113"]

1.d4 d5 2.Nf3 Bf5 3.c4 e6 4.Qb3 b6 5.Nc3 c6 6.Bf4 Bd6 7.Bxd6 Qxd6 8.e3 Ne7
9.Be2 O-O 10.O-O Nd7 11.Rfe1 a6 12.Nh4 b5 13.c5 Qc7 14.Nxf5 exf5 15.Bd3 
Nf6 16.Qc2 g6 17.f3 Rfd8 18.Qf2 Kg7 19.Ne2 Neg8 20.Bc2 Re8 21.Nf4 Re7 22.
a4 Rae8 23.axb5 axb5 24.Nd3 Qb7 25.Nb4 Ra8 26.Qd2 Ree8 27.Kf2 Nh6 28.Rxa8 
Qxa8 29.Nd3 Nhg4+ 30.Kg1 Nh6 31.Ne5 Re7 32.h3 Nhg8 33.g4 fxg4 34.hxg4 Nd7 
35.f4 Nxe5 36.dxe5 Qc8 37.Bd1 Nh6 38.Qg2 Ra7 39.g5 Nf5 40.Bg4 Ra4 41.b3 
Ra3 42.Qb2 b4 43.e6+ Kg8 44.exf7+ Kxf7 45.e4 dxe4 46.Qf6+ Kg8 47.Rd1 Ra8 
48.Qb2 Qf8 49.Qc1 Rd8 50.Qc4+ Kh8 51.Rxd8 Qxd8 52.Qxe4 Qd4+ 53.Qxd4+ Nxd4 
54.Bd1 Ne6 55.Kf2 Kg7 56.Ke3 Kf7 57.Bf3 1-0

[Event "EU-chT Seniors 02nd"]
[Site "Dresden"]
[Date "2000.03.02"]
[Round "2.3"]
[White "Neubert, Gerhard"]
[Black "Harzer, Paul"]
[Result "0-1"]
[WhiteElo "1901"]
[BlackElo "2048"]
[EventDate "2000.03.01"]
[PlyCount "56"]

1.c4 f5 2.d4 Nf6 3.Nc3 g6 4.g3 Bg7 5.Bg2 O-O 6.Bg5 d6 7.Qd2 c6 8.Rd1 Qe8 
9.Nh3 Na6 10.O-O Nc7 11.d5 c5 12.f3 b5 13.cxb5 Nxb5 14.Nf2 Rb8 15.Rfe1 Qf7
16.Nxb5 Rxb5 17.b3 Rb4 18.Nd3 Rb6 19.Nb2 Ba6 20.Nc4 Rb4 21.Qd3 Nd7 22.Bd2 
Bxc4 23.bxc4 Ne5 24.Qa3 Nxc4 25.Qxa7 Nxd2 26.Rxd2 Bc3 27.Rdd1 Bxe1 28.Rxe1
e5 0-1

[Event "EU-chT Seniors 02nd"]
[Site "Dresden"]
[Date "2000.03.03"]
[Round "3.3"]
[White "Neubert, Gerhard"]
[Black "Morgner, Siegfried"]
[Result "1/2-1/2"]
[WhiteElo "1901"]
[BlackElo "1738"]
[EventDate "2000.03.01"]
[PlyCount "89"]

1.Nf3 d5 2.d4 c6 3.e3 e6 4.c4 Bd6 5.Bd3 f5 6.O-O Nf6 7.Nc3 O-O 8.Ne2 Ne4 
9.c5 Bc7 10.b4 Nd7 11.a4 g5 12.g3 Qe8 13.Bxe4 fxe4 14.Nxg5 Qg6 15.Nf4 Bxf4
16.exf4 Nf6 17.f3 h6 18.Nh3 Nh5 19.Kh1 e5 20.Nf2 exf3 21.Qxf3 exd4 22.Bb2 
Bf5 23.Bxd4 Nf6 24.Bxf6 Qxf6 25.g4 Be6 26.Nd3 d4 27.Kg1 Qg7 28.Ne5 h5 29.
h3 Rad8 30.Kh2 hxg4 31.hxg4 Rd5 32.Rae1 d3 33.Qe4 Rfd8 34.Kg3 d2 35.Rd1 
Rd4 36.Qb1 R8d5 37.Qg6 Rd3+ 38.Rf3 Rxf3+ 39.Kxf3 Qxg6 40.Nxg6 Rd3+ 41.Ke2 
Bxg4+ 42.Kxd3 Bxd1 43.Kxd2 Bxa4 44.Kd3 Kf7 45.Nh4 1/2-1/2

[Event "EU-chT Seniors 02nd"]
[Site "Dresden"]
[Date "2000.03.04"]
[Round "4.3"]
[White "Neubert, Gerhard"]
[Black "Remplbauer, Hans"]
[Result "1/2-1/2"]
[WhiteElo "1901"]
[BlackElo "1774"]
[EventDate "2000.03.01"]
[PlyCount "32"]

1.d4 d6 2.e4 g6 3.Bc4 Bg7 4.Nf3 Nf6 5.Qe2 e6 6.e5 dxe5 7.dxe5 Nd5 8.Bg5 
Qd7 9.O-O c6 10.a4 a5 11.Na3 h6 12.Bd2 O-O 13.Rad1 Qc7 14.Rfe1 Nd7 15.c3 
Re8 16.Bc1 Nc5 1/2-1/2

[Event "EU-chT Seniors 02nd"]
[Site "Dresden"]
[Date "2000.03.08"]
[Round "7.3"]
[White "Neubert, Gerhard"]
[Black "Winiwarter, Felix"]
[Result "0-1"]
[WhiteElo "1901"]
[BlackElo "2235"]
[EventDate "2000.03.01"]
[PlyCount "72"]

1.d4 Nf6 2.c4 c5 3.d5 e6 4.g3 exd5 5.cxd5 d6 6.Bg2 g6 7.Nc3 Bg7 8.Nf3 O-O 
9.O-O a6 10.Nh4 b5 11.e4 Re8 12.Qc2 Nbd7 13.Bd2 c4 14.Be3 Ng4 15.Bd2 Nc5 
16.h3 Ne5 17.Be3 Ned3 18.Bxc5 Nxc5 19.a3 Bd7 20.f4 a5 21.e5 Rb8 22.exd6 
Qb6 23.Kh2 Qxd6 24.Rae1 b4 25.axb4 axb4 26.Ne4 Nxe4 27.Rxe4 Rxe4 28.Bxe4 
c3 29.b3 Re8 30.f5 Be5 31.Rf3 Qe7 32.Kg2 Bf6 33.fxg6 hxg6 34.Bxg6 fxg6 35.
Qxg6+ Bg7 36.d6 Qe2+ 0-1

[Event "EU-chT Seniors 02nd"]
[Site "Dresden"]
[Date "2000.03.08"]
[Round "7.4"]
[White "Neudel, Bernd"]
[Black "Abendroth, Guenter"]
[Result "0-1"]
[WhiteElo "1786"]
[BlackElo "2225"]
[EventDate "2000.03.01"]
[PlyCount "98"]

1.d4 d5 2.c4 e6 3.Nc3 Nf6 4.Nf3 c5 5.e3 Nc6 6.Be2 Be7 7.O-O O-O 8.a3 Ne4 
9.cxd5 exd5 10.Bd2 cxd4 11.Nxd4 Nxd4 12.exd4 Bf6 13.Nxe4 dxe4 14.Bc3 Be6 
15.Qa4 Qd5 16.Qb5 Rfd8 17.Qxd5 Bxd5 18.Rad1 g6 19.f3 Bg7 20.fxe4 Bxe4 21.
Bf3 Bxf3 22.Rxf3 Rd5 23.Rfd3 Re8 24.Kf1 Bf6 25.Re1 Red8 26.Red1 h5 27.Kf2 
Bh4+ 28.Kg1 Re8 29.g3 Bg5 30.Bd2 Bxd2 31.R1xd2 Re4 32.Kf2 Kf8 33.b4 f5 34.
Kf3 Kf7 35.Rd1 Kf6 36.R1d2 h4 37.Rd1 g5 38.R1d2 g4+ 39.Kf2 Kg5 40.Rd1 h3 
41.R1d2 f4 42.Rd1 fxg3+ 43.Kxg3 Rf4 44.R1d2 Rdxd4 45.Rd1 Rf3+ 46.Rxf3 Rxd1
47.Rf7 Rg1+ 48.Kf2 Rg2+ 49.Kf1 Rxh2 0-1

[Event "EU-chT Seniors 02nd"]
[Site "Dresden"]
[Date "2000.03.04"]
[Round "4.4"]
[White "Neudel, Bernd"]
[Black "Kalmutzki, Manfred"]
[Result "1/2-1/2"]
[WhiteElo "1786"]
[BlackElo "1800"]
[EventDate "2000.03.01"]
[PlyCount "32"]

1.d4 d5 2.c4 e6 3.Nc3 f5 4.Nf3 c6 5.e3 Nf6 6.a3 Bd6 7.Be2 Nbd7 8.c5 Bc7 9.
Bd2 Ne4 10.Bd3 O-O 11.Qc2 e5 12.Be2 Nxd2 13.Nxd2 e4 14.g3 Nf6 15.b4 g5 16.
h4 g4 1/2-1/2

[Event "EU-chT Seniors 02nd"]
[Site "Dresden"]
[Date "2000.03.01"]
[Round "1.4"]
[White "Neudel, Bernd"]
[Black "Wieckowski, Ryszard"]
[Result "1/2-1/2"]
[WhiteElo "1786"]
[BlackElo "2000"]
[EventDate "2000.03.01"]
[PlyCount "51"]

1.d4 Nf6 2.c4 e6 3.Nc3 d5 4.Nf3 Be7 5.Bf4 O-O 6.e3 Nbd7 7.Bd3 a6 8.a4 c6 
9.O-O Nh5 10.Ne2 dxc4 11.Bxc4 Nb6 12.Bd3 Nd5 13.Bg3 Nxg3 14.Nxg3 g6 15.Ne2
Bf6 16.Qd2 Bd7 17.Rfd1 b5 18.b3 c5 19.axb5 cxd4 20.e4 Nc3 21.Nxc3 dxc3 22.
Qc2 axb5 23.e5 Bg7 24.Qxc3 Rxa1 25.Rxa1 Qb6 26.Re1 1/2-1/2

[Event "EU-chT Seniors 02nd"]
[Site "Dresden"]
[Date "2000.03.08"]
[Round "7.4"]
[White "Niedermayr, Horst"]
[Black "Kalmutzki, Manfred"]
[Result "1-0"]
[WhiteElo "2208"]
[BlackElo "1800"]
[EventDate "2000.03.01"]
[PlyCount "49"]

1.e4 c5 2.Nf3 d6 3.c3 Nf6 4.Be2 Nc6 5.d4 cxd4 6.cxd4 Nxe4 7.d5 Nb8 8.Qa4+ 
Nd7 9.Qxe4 Nf6 10.Bb5+ Bd7 11.Bxd7+ Qxd7 12.Qd3 g6 13.O-O Bg7 14.Nc3 O-O 
15.Re1 Rac8 16.Be3 b6 17.Rac1 Ng4 18.Bd4 e5 19.dxe6 fxe6 20.Bxg7 Kxg7 21.
Rcd1 Rxf3 22.Qxf3 e5 23.h3 h5 24.hxg4 hxg4 25.Qd5 1-0